000 00868nam a2200217 4500
001 82053
003 BD-RjUL
005 20231005125733.0
008 231005s19501329i ||||| |||| 00| 0 per d
035 _a(BD-RjUL) 82053
040 _aBD-RjUL
_beng
_cBD-RjUL
041 _aeng
082 _223
_a391.0088297
_bZUT 1950
100 1 0 _a ذو المجدين، زين العابدين ;; Z̲ū al-Majdayn, Zayn al-ʻAbidīn.
_99382
245 1 0 _aترجمه و شرح تبصرۀ علامه ;; Tarjumah va sharḥ-i Tabṣirah-ʼi ʻAllāmah./
_cنگارش زين العابدين ذو المجدين ;; Nigārish-i Zayn al-ʻAbidīn
260 _a: تهران،,
_bدانشگاه تهران،,
_c1329[1950]
490 _aانتصارات دانشكاه تهران ;
_v٩٣
650 _a Islam Customs and practices
_99383
650 _aIslamic law
942 _2ddc
_cBK
999 _c82053
_d82053